000 00471nam a2200181Ia 4500
005 20250704121212.0
008 008 250516s9999 xx 000 0 eng d
020 _a9789356400849
040 _beng
_cSDCL
041 _aeng
_2eng
084 _aQ8441 R2
100 _aSingh, Nikky-Guninder Kaur
_971060
245 0 _aSikhism :
_bAn introduction
260 _aNew Delhi:
_bBloomsbury,
_c2022.
300 _axvii, 269p.
650 _aReligion
942 _cTEXL
_2CC
999 _c1430038
_d1430038